000 00540nam a22001457a 4500
082 _a620.005
100 _aAhmed, Rizwan
245 _aA Study of Barriers Impeding Workforce Diversity and Strategies Followed by Multinationals (Telecommunication Sector) in Pakistan /
_cRizwan Ahmed
260 _aIslamabad :
_bCEME - NUST,
_c2014.
300 _a86 p. ;
_c30cm.
650 _aEngineering Management-MS-Thesis
_916065
700 _aDr. Akhtar Nawaz Malik
_916099
942 _2ddc
_cTHE
999 _c536479
_d536479